000 00352nam a22001337a 4500
008 170609b xxu||||| |||| 00| 0 eng d
020 _a9781588266989
041 _aeng
080 _a327
100 _a19
101 _ashp
245 _aINTERNATIONAL ORGANIZATIONS THE POLITICS AND PROCESSES OF GLOBAL GOVERNANCE
_cKARNS.M.P
942 _2udc
_cBK
999 _c16595
_d16595